| 000 | 01219nam0a2200289 i 4500 | ||
|---|---|---|---|
| 001 | RU\NLR\bibl\1991294 | ||
| 005 | 20240723082949.0 | ||
| 010 |
_a9785913665331 _9200 |
||
| 021 |
_aRU _b2012-100108 _97387 |
||
| 035 | _a(NLR Aleph) 001979819 | ||
| 090 |
_a4074221 _c4074221 |
||
| 100 | _a20130123d2012 u y0rusy50 ca | ||
| 101 | 0 | _arus | |
| 102 | _aRU | ||
| 105 | _aa ||||||||| | ||
| 200 | 1 |
_aИкар _eрассказы, повести, песни _fВалерий Балашов |
|
| 210 |
_aМосква _cУ Никитских ворот _d2012 |
||
| 215 |
_a297, [6] с., [8] л. ил., цв. ил., портр. _cил., портр. _d21 |
||
| 327 | 0 | _aСодерж.: рассказы: Икар; Любит - не любит!; Быть или не быть?; Эх, машина!; Лушик; А у нас во дворе; Голубятня [и др.]; повести: Музыканты; Игра с самим собой; НП N° 8; песни | |
| 686 | _aШ6(2=Р)8-44 | ||
| 700 | 1 |
_aБалашов _bВ. В. _gВалерий Владимирович _4070 |
|
| 801 | 0 |
_aRU _bNLR _c20130123 _gRCR |
|
| 801 | 1 |
_aRU _bNLR _c20130123 |
|
| 942 | _cBOOK | ||
| 980 | _aNBR | ||